| 000 | 01115nam a2200301 i 4500 | ||
|---|---|---|---|
| 001 | 000021846 | ||
| 003 | DO-SdBNP | ||
| 005 | 20240307073947.0 | ||
| 007 | ta | ||
| 008 | 100913s1953 dr r 000 e spa d | ||
| 040 |
_aDO-SdBNP _bspa _cBNPHU _erda |
||
| 082 | 4 |
_aRD865.44 _bS211d 1953 _222 |
|
| 100 | 1 |
_aSánchez y Sánchez, Carlos _945361 |
|
| 245 | 1 | 0 |
_aDiscursos académicos / _cCarlos Sánchez y Sánchez. |
| 264 |
_aCiudad Trujillo, República Dominicana : _bUASD, _c1953 |
||
| 300 |
_a45 páginas ; _c24 cm. |
||
| 336 |
_2rdacontent _atexto _btxt |
||
| 337 |
_2rdamedia _asin mediación _bn |
||
| 338 |
_2rdacarrier _avolumen _bnc |
||
| 490 | 1 |
_aPublicaciones de la Universidad Autónoma de Santo Domingo _v95 |
|
| 490 | 1 |
_aLengua y literatura _v5 |
|
| 500 | _aIncluye referencias bibliográficas y notas al pie de las páginas | ||
| 590 | _aInventariado, 2018/LP | ||
| 710 | 1 |
_aUniversidad Autónoma de Santo Domingo _972951 |
|
| 830 | 0 |
_aPublicaciones de la Universidad Autónoma de Santo Domingo _v95 _pLengua y literatura; _n5 _945362 |
|
| 910 | _aValidado. Control de calidad MFF | ||
| 942 |
_2ddc _cLF2 |
||
| 999 |
_c21344 _d21344 |
||